000 00525nam a2200193Ia 4500
005 20230116101839.0
008 131103s9999 xx 000 0 und d
040 _aLoreto College
041 _aEnglish
082 _a821.4
_bMIL-DYS
245 _aMilton paradise lost
_b A caebook
_cEdited by A.E. Dyson and Julian lovelock
260 _aLondon
_bMacmillan
_c1962
300 _a253p.
504 _aIncludes index
650 _aEnglish poetry - Criticism
700 _aDyson, A.E; ed.
850 _aLCLIB
942 _cBK
999 _c21326
_d71805